Catholic University of Zimbabwe Library
Online Public Access Catalogue
(OPAC)

Dangerous memories : (Record no. 722)

MARC details
000 -LEADER
fixed length control field 00790cam a22002412 4500
001 - CONTROL NUMBER
control field 0000000799
005 - DATE AND TIME OF LATEST TRANSACTION
control field 20170406112904.0
008 - FIXED-LENGTH DATA ELEMENTS--GENERAL INFORMATION
fixed length control field 131119s xx 000 0 eng d
020 ## - INTERNATIONAL STANDARD BOOK NUMBER
International Standard Book Number 0934134707 :
Terms of availability $
040 ## - CATALOGING SOURCE
Original cataloging agency Your Holding Symbol
Transcribing agency Your Holding Symbol
100 1# - MAIN ENTRY--PERSONAL NAME
Personal name Lee, Bernard J.
245 10 - TITLE STATEMENT
Title Dangerous memories :
Remainder of title house Churches and our American history.
250 ## - EDITION STATEMENT
Edition statement ed.
260 ## - PUBLICATION, DISTRIBUTION, ETC.
Place of publication, distribution, etc. Kansas :
Name of publisher, distributor, etc. Sheed & Ward,
Date of publication, distribution, etc. 1986.
300 ## - PHYSICAL DESCRIPTION
Extent vi, 201 p. ;
Dimensions cm.
504 ## - BIBLIOGRAPHY, ETC. NOTE
Bibliography, etc. note Includes bibliographical references.
591 ## -
-- 2003
-- Donation
650 #0 - SUBJECT ADDED ENTRY--TOPICAL TERM
Topical term or geographic name entry element Christian communities
Geographic subdivision United States.
650 #0 - SUBJECT ADDED ENTRY--TOPICAL TERM
Topical term or geographic name entry element House churches
General subdivision United States.
651 #0 - SUBJECT ADDED ENTRY--GEOGRAPHIC NAME
Geographic name United States
General subdivision Religious life and customs.
700 10 - ADDED ENTRY--PERSONAL NAME
Personal name Cowan, Michael A.
908 ## - PUT COMMAND PARAMETER (RLIN)
Put command parameter 131119
Holdings
Withdrawn status Lost status Source of classification or shelving scheme Damaged status Not for loan Home library Current library Shelving location Date acquired Total Checkouts Full call number Barcode Date last seen Price effective from Koha item type
          CUZ Harare Campus CUZ Harare Campus Open Shelf 06.04.2017   BV 4406.U6.L44 BK0000899 22.05.2025 06.04.2017 OS Book

OPENING HOURS

Weekdays: 0815hrs - 1800hrs
Weekends:0900hrs - 1200hrs

Closed for Mass:

Mon, Thur: 1200hrs - 1300hrs
Sunday & Public Holiday’s

CALL SUPPORT

0242-570570, 0242-570169
09200664, +263 8644140602

LOCATION

18443, Cranborne Avenue, Hatfield, Harare

Other Links


©2021 | CUZ Library